|
|
|
|
| LEADER |
01846nam a2200457 i 4500 |
| 001 |
EBC1895527 |
| 003 |
MiAaPQ |
| 005 |
20200520144314.0 |
| 006 |
m o d | |
| 007 |
cr cnu|||||||| |
| 008 |
140528s2015 enka ob 001 0 eng|d |
| 020 |
|
|
|z 9781118655382 (pbk.)
|
| 020 |
|
|
|a 9781118655474
|q (electronic bk.)
|
| 035 |
|
|
|a (MiAaPQ)EBC1895527
|
| 035 |
|
|
|a (Au-PeEL)EBL1895527
|
| 035 |
|
|
|a (CaPaEBR)ebr11005760
|
| 035 |
|
|
|a (CaONFJC)MIL769839
|
| 035 |
|
|
|a (OCoLC)903971106
|
| 040 |
|
|
|a MiAaPQ
|b eng
|e rda
|e pn
|c MiAaPQ
|d MiAaPQ
|
| 050 |
|
4 |
|a HD1394
|b .A86 2015
|
| 082 |
0 |
|
|a 658.2
|2 23
|
| 100 |
1 |
|
|a Atkin, Brian.
|
| 240 |
1 |
0 |
|a Total facilities management
|
| 245 |
1 |
0 |
|a Total facility management /
|c Brian Atkin and Adrian Brooks.
|
| 250 |
|
|
|a Fourth edition.
|
| 264 |
|
1 |
|a Southern Gate, Chichester, West Sussex, United Kingdom :
|b John Wiley & Sons Inc.,
|c 2015.
|
| 300 |
|
|
|a 1 online resource (408 pages) :
|b illustrations
|
| 336 |
|
|
|a text
|2 rdacontent
|
| 337 |
|
|
|a computer
|2 rdamedia
|
| 338 |
|
|
|a online resource
|2 rdacarrier
|
| 504 |
|
|
|a Includes bibliographical references and index.
|
| 588 |
|
|
|a Description based on print version record.
|
| 590 |
|
|
|a Electronic reproduction. Ann Arbor, MI : ProQuest, 2015. Available via World Wide Web. Access may be limited to ProQuest affiliated libraries.
|
| 650 |
|
0 |
|a Real estate management.
|
| 650 |
|
0 |
|a Facility management.
|
| 650 |
|
0 |
|a Building management.
|
| 655 |
|
4 |
|a Electronic books.
|
| 700 |
1 |
|
|a Brooks, Adrian,
|e author.
|
| 776 |
0 |
8 |
|i Print version:
|a Atkin, Brian.
|t Total facility management.
|d Southern Gate, Chichester, West Sussex, United Kingdom : John Wiley & Sons Inc., 2015
|z 9781118655382
|w (DLC) 201402068
|
| 797 |
2 |
|
|a ProQuest (Firm)
|
| 856 |
4 |
0 |
|u https://ebookcentral.proquest.com/lib/matrademy/detail.action?docID=1895527
|z Click to View
|